<?xml version="1.0" encoding="UTF-8"?>
<record
    xmlns:xsi="http://www.w3.org/2001/XMLSchema-instance"
    xsi:schemaLocation="http://www.loc.gov/MARC21/slim http://www.loc.gov/standards/marcxml/schema/MARC21slim.xsd"
    xmlns="http://www.loc.gov/MARC21/slim">

  <leader>00909nam a22002417b 4500</leader>
  <controlfield tag="003">3228</controlfield>
  <controlfield tag="005">20260423115428.0</controlfield>
  <controlfield tag="008">260423b        sa ||||j |||| 00| 1 eng d</controlfield>
  <datafield tag="020" ind1=" " ind2=" ">
    <subfield code="a">9781407518039 (paperback)</subfield>
  </datafield>
  <datafield tag="040" ind1=" " ind2=" ">
    <subfield code="a">MPL</subfield>
    <subfield code="b">eng</subfield>
    <subfield code="c">3228</subfield>
    <subfield code="e">rda</subfield>
  </datafield>
  <datafield tag="041" ind1=" " ind2=" ">
    <subfield code="a">English</subfield>
  </datafield>
  <datafield tag="082" ind1=" " ind2="0">
    <subfield code="a">ETF BEEC</subfield>
  </datafield>
  <datafield tag="100" ind1=" " ind2=" ">
    <subfield code="9">126945</subfield>
    <subfield code="a"> Beechwood, Beth  </subfield>
    <subfield code="e">author</subfield>
  </datafield>
  <datafield tag="245" ind1=" " ind2=" ">
    <subfield code="a">Keeping secrets /</subfield>
    <subfield code="c">adapted by Beth Beechwood</subfield>
  </datafield>
  <datafield tag="260" ind1=" " ind2=" ">
    <subfield code="a">Bath :</subfield>
    <subfield code="b">Parragon ,</subfield>
    <subfield code="c">&#xA9;2007,</subfield>
    <subfield code="c">2007.</subfield>
  </datafield>
  <datafield tag="300" ind1=" " ind2=" ">
    <subfield code="a">117 pages :</subfield>
    <subfield code="c">19 cm</subfield>
  </datafield>
  <datafield tag="490" ind1=" " ind2=" ">
    <subfield code="a">Hannah Montana</subfield>
  </datafield>
  <datafield tag="500" ind1=" " ind2=" ">
    <subfield code="a">Based on the television series Hannah Montana, created by Michael Poryes and Rich Correll and Barry O'Brien.
Part One is based on the episode written by Michael Poryes,
Part Two is based on the episode written by Douglas Lieblein.</subfield>
  </datafield>
  <datafield tag="655" ind1=" " ind2="0">
    <subfield code="9">188476</subfield>
    <subfield code="a">Youth Fiction</subfield>
  </datafield>
  <datafield tag="655" ind1=" " ind2="0">
    <subfield code="9">188670</subfield>
    <subfield code="a">Human Relations Fiction</subfield>
  </datafield>
  <datafield tag="655" ind1=" " ind2="0">
    <subfield code="9">188500</subfield>
    <subfield code="a">Girls Stories</subfield>
  </datafield>
  <datafield tag="942" ind1=" " ind2=" ">
    <subfield code="2">ddc</subfield>
    <subfield code="c">BK</subfield>
    <subfield code="w">296</subfield>
    <subfield code="x">Phillipina Naude</subfield>
    <subfield code="y">296</subfield>
    <subfield code="z">Phillipina Naude</subfield>
  </datafield>
  <datafield tag="999" ind1=" " ind2=" ">
    <subfield code="c">797123</subfield>
    <subfield code="d">797122</subfield>
  </datafield>
  <datafield tag="952" ind1=" " ind2=" ">
    <subfield code="0">0</subfield>
    <subfield code="1">0</subfield>
    <subfield code="2">ddc</subfield>
    <subfield code="4">0</subfield>
    <subfield code="7">0</subfield>
    <subfield code="8">F</subfield>
    <subfield code="a">KLIPL</subfield>
    <subfield code="b">KLIPL</subfield>
    <subfield code="c">CHILD</subfield>
    <subfield code="d">2026-04-23</subfield>
    <subfield code="l">0</subfield>
    <subfield code="o">ETF BEEC</subfield>
    <subfield code="p">33228023504531</subfield>
    <subfield code="r">2026-04-23</subfield>
    <subfield code="w">2026-04-23</subfield>
    <subfield code="y">BK</subfield>
    <subfield code="z">167530</subfield>
  </datafield>
</record>
